00750 a2200265 4500003000500000005001700005010001700022020001800039035002200057040000900079082001000088100002200098245007100120260002600191300003200217650001500249650003000264650001900294650001300313650001300326651001100339942001200350999001900362952010300381Nust20170207154049.0 a 2002151683 a0-8389-0847-0 a(DLC) 2002151683 cNust00a025.31 aCaplan, Priscilla10aMetadata fundamentals for all librarians(E-BOOK)cPriscilla Caplan aChicago :bALA,c2003 aix, 192 s. :bill. ;c28 cm 7aCataloging 7aInformation organization. 7aKatalogisering 7aMetadata 7aMetadata aE-BOOK 2ddccBK c193057d193057 00102ddc40708NFICaMCSbMCSd2016-12-12l0o025.3 CAPpMCSEB-2835r2016-12-08w2016-12-12yBK